[Event "10. Copenhagen Open"]
[Site "Copenhagen"]
[Date "1988.??.??"]
[Round "2"]
[White "Haugli, Petter"]
[Black "Clausen, Steen"]
[Result "1-0"]
[WhiteElo "2350"]
[BlackElo "2270"]
[PlyCount "39"]
[EventDate "1988.??.??"]
[EventType "swiss"]
[EventRounds "10"]
[EventCountry "DEN"]
[SourceDate "2004.01.01"]

1. e4 d6 2. d4 Nf6 3. Nc3 g6 4. h3 c6 5. Be3 Bg7 6. Nf3 O-O 7. a4 Nbd7 8. a5 e5
9. dxe5 dxe5 10. Qd6 Ne8 11. Qa3 Nc7 12. Rd1 Ne6 13. Bc4 Nd4 14. Nxd4 exd4 15.
Bxd4 Qg5 16. Bxg7 Kxg7 17. O-O Nf6 18. f4 Qh4 19. Qe7 Qh6 20. Rd8 1-0

[Event "10. Copenhagen Open"]
[Site "Copenhagen"]
[Date "1988.??.??"]
[Round "2"]
[White "Hoi, Carsten"]
[Black "Hansen, Soren Bech"]
[Result "1-0"]
[WhiteElo "2405"]
[BlackElo "2255"]
[PlyCount "47"]
[EventDate "1988.??.??"]
[EventType "swiss"]
[EventRounds "10"]
[EventCountry "DEN"]
[SourceDate "2004.01.01"]

1. d4 f5 2. Nc3 d5 3. Bg5 Nf6 4. Bxf6 exf6 5. e3 c6 6. Bd3 Bd6 7. Qf3 g6 8.
Nge2 Qe7 9. h3 Na6 10. a3 Nc7 11. g4 fxg4 12. hxg4 Rg8 13. e4 Ne6 14. exd5 Nxd4
15. Qe4 Nxe2 16. Rxh7 Qxe4 17. Nxe4 Be5 18. Bxe2 cxd5 19. Rd1 Be6 20. Nc5 Bf7
21. Bb5+ Kf8 22. Nd7+ Ke7 23. Nxe5 fxe5 24. Rxd5 1-0

[Event "10. Copenhagen Open"]
[Site "Copenhagen"]
[Date "1988.??.??"]
[Round "2"]
[White "Horvath, Tamas"]
[Black "Hoiberg, Nina"]
[Result "1-0"]
[WhiteElo "2415"]
[BlackElo "2285"]
[PlyCount "67"]
[EventDate "1988.??.??"]
[EventType "swiss"]
[EventRounds "10"]
[EventCountry "DEN"]
[SourceDate "2004.01.01"]

1. e4 e5 2. Nf3 Nc6 3. Bb5 a6 4. Ba4 Nf6 5. O-O Be7 6. Bxc6 dxc6 7. d3 Nd7 8.
Nbd2 O-O 9. Nc4 f6 10. Nh4 Nc5 11. Nf5 Bxf5 12. exf5 b5 13. Na5 Qd5 14. Qf3 Bd6
15. Be3 e4 16. dxe4 Nxe4 17. Rfd1 Qe5 18. g3 Ng5 19. Bxg5 fxg5 20. Nxc6 Qxb2
21. Qd5+ Kh8 22. Nd4 Rae8 23. Rab1 Qc3 24. Rb3 Re1+ 25. Kg2 Qa5 26. Rxe1 Qxe1
27. Ne6 Rb8 28. Re3 Qa1 29. Nxg5 h6 30. Nf7+ Kh7 31. c3 Qb1 32. Qe6 g6 33. Nxd6
cxd6 34. Qe7+ 1-0

[Event "10. Copenhagen Open"]
[Site "Copenhagen"]
[Date "1988.??.??"]
[Round "2"]
[White "Inkiov, Ventzislav"]
[Black "Bjerring, Kai"]
[Result "1-0"]
[WhiteElo "2490"]
[BlackElo "2305"]
[PlyCount "57"]
[EventDate "1988.??.??"]
[EventType "swiss"]
[EventRounds "10"]
[EventCountry "DEN"]
[SourceDate "2004.01.01"]

1. d4 Nf6 2. c4 e6 3. Nf3 d5 4. g3 c5 5. Bg2 Nc6 6. O-O Be7 7. cxd5 exd5 8. b3
O-O 9. Bb2 b6 10. Nc3 Ba6 11. Rc1 Rc8 12. dxc5 bxc5 13. Na4 c4 14. Nd4 Nxd4 15.
Bxd4 cxb3 16. Rxc8 Bxc8 17. axb3 Qc7 18. Nc3 Bb7 19. Qa1 a6 20. Na4 Bc6 21. Rc1
Qb7 22. Nc5 Qa8 23. Nd3 Bb5 24. Nf4 Rd8 25. Rc7 Bd6 26. Ra7 Qb8 27. Bxf6 Rc8
28. Bd4 Rc5 29. Nh5 1-0

[Event "10. Copenhagen Open"]
[Site "Copenhagen"]
[Date "1988.??.??"]
[Round "2"]
[White "Karsa, Laszlo"]
[Black "Mortensen, Peter Munch"]
[Result "1-0"]
[WhiteElo "2400"]
[BlackElo "2290"]
[PlyCount "95"]
[EventDate "1988.??.??"]
[EventType "swiss"]
[EventRounds "10"]
[EventCountry "DEN"]
[SourceDate "2004.01.01"]

1. d4 Nf6 2. c4 c5 3. d5 d6 4. Nc3 g6 5. e4 Bg7 6. f3 O-O 7. Bg5 h6 8. Be3 e6
9. Qd2 exd5 10. cxd5 Kh7 11. Nge2 a6 12. a4 Nbd7 13. Nc1 Ne5 14. Be2 Bd7 15.
O-O g5 16. f4 Neg4 17. e5 Nxe3 18. Qxe3 gxf4 19. Qd3+ Kh8 20. exf6 Qxf6 21. Qf3
Qd4+ 22. Kh1 Qd2 23. Nd3 Rae8 24. Rad1 Qc2 25. Rc1 Qb3 26. Bd1 Qc4 27. Nb5 Qa2
28. Nxd6 Re3 29. Qxf4 Rxd3 30. Be2 Qxd5 31. Bxd3 Qxd3 32. Nxf7+ Kg8 33. Rcd1
Qf5 34. Qxf5 Bxf5 35. Rxf5 Rxf7 36. Rd8+ Bf8 37. Rxf7 Kxf7 38. Rd7+ Ke6 39.
Rxb7 Kd5 40. Rb6 a5 41. g4 Ke4 42. Rb5 Kf3 43. Rxa5 Kxg4 44. Rb5 c4 45. a5 Bg7
46. Rb4 Kf5 47. Rxc4 Bxb2 48. a6 1-0

[Event "10. Copenhagen Open"]
[Site "Copenhagen"]
[Date "1988.??.??"]
[Round "2"]
[White "Kruszynski, Wlodzimierz"]
[Black "Siklosi, Zoltan"]
[Result "1-0"]
[WhiteElo "2335"]
[BlackElo "2265"]
[PlyCount "99"]
[EventDate "1988.??.??"]
[EventType "swiss"]
[EventRounds "10"]
[EventCountry "DEN"]
[SourceDate "2004.01.01"]

1. e4 e5 2. Nf3 Nc6 3. Bb5 a6 4. Ba4 Nf6 5. O-O Be7 6. Re1 b5 7. Bb3 d6 8. c3
O-O 9. h3 h6 10. d4 Re8 11. Be3 Bf8 12. Nbd2 Bd7 13. Qb1 Qb8 14. a3 a5 15. Qa2
Nd8 16. a4 b4 17. Rad1 Be6 18. Bxe6 Rxe6 19. d5 Re7 20. Rc1 c6 21. dxc6 Nxc6
22. Qc4 Qb7 23. Qd3 Rd8 24. c4 Rc7 25. b3 Rdc8 26. Nf1 Nd8 27. Ng3 Ne6 28. Nd2
g6 29. Rcd1 Rd7 30. f3 Kh7 31. Ndf1 Be7 32. Kh2 Bd8 33. Qd2 Ng8 34. Ne2 Bg5 35.
Bxg5 hxg5 36. Ne3 Nf4 37. Nxf4 gxf4 38. Nd5 Kg7 39. Qf2 Rc6 40. Rd2 Qb8 41. Rc1
Rc5 42. Rg1 Qd8 43. Rgd1 Rc6 44. Rc2 Rc5 45. Rg1 Nf6 46. Nxf6 Qxf6 47. Rd2 Ra7
48. Rgd1 Ra6 49. Rd3 Qe7 50. Rxd6 1-0

[Event "10. Copenhagen Open"]
[Site "Copenhagen"]
[Date "1988.??.??"]
[Round "2"]
[White "Kupreichik, Victor"]
[Black "Jakobsen, Ole"]
[Result "0-1"]
[WhiteElo "2510"]
[BlackElo "2385"]
[PlyCount "130"]
[EventDate "1988.??.??"]
[EventType "swiss"]
[EventRounds "10"]
[EventCountry "DEN"]
[SourceDate "2004.01.01"]

1. e4 b6 2. d4 Bb7 3. Bd3 Nf6 4. Qe2 e6 5. c4 Bb4+ 6. Bd2 Bxd2+ 7. Nxd2 d6 8.
Ngf3 Nc6 9. e5 dxe5 10. dxe5 Nd7 11. Bc2 Qe7 12. a3 a5 13. O-O g5 14. Ba4 O-O-O
15. Rfb1 Nc5 16. Bxc6 Bxc6 17. b4 Nd3 18. c5 g4 19. Ne1 Nf4 20. Qe3 Nd5 21. Qg3
Qg5 22. Nc4 Nf4 23. Rb2 b5 24. h4 Qf5 25. Nxa5 Qxe5 26. Rab1 Be4 27. Qe3 Nd5
28. Qc1 Nc3 29. Qe3 Nxb1 30. Rxb1 Qd4 31. Rb3 Qxe3 32. Rxe3 f5 33. f3 gxf3 34.
gxf3 Rhg8+ 35. Kf1 Bd5 36. Nd3 Rg3 37. Ne5 Rdg8 38. Ke2 Rg1 39. Kd3 f4 40. Re2
R8g2 41. Rxg2 Rxg2 42. Nac6 Kb7 43. Nd8+ Ka6 44. c6 Rg8 45. Ndf7 Kb6 46. Ng5 h5
47. Kd4 Ra8 48. Nh3 Rxa3 49. Nxf4 Bxf3 50. Nxe6 Bxc6 51. Nf4 Ra1 52. Nxh5 Rh1
53. Ng6 Rb1 54. Kc3 Be8 55. Nhf4 Bxg6 56. Nxg6 Rh1 57. Kd4 Rh3 58. Kd5 c6+ 59.
Kd6 Rd3+ 60. Ke5 c5 61. Nf4 c4 62. h5 Rd1 63. Kf5 c3 64. h6 c2 65. h7 Rh1 0-1

[Event "10. Copenhagen Open"]
[Site "Copenhagen"]
[Date "1988.??.??"]
[Round "2"]
[White "Levitt, Jonathan"]
[Black "Bern, Ivar"]
[Result "1-0"]
[WhiteElo "2440"]
[BlackElo "2340"]
[PlyCount "76"]
[EventDate "1988.??.??"]
[EventType "swiss"]
[EventRounds "10"]
[EventCountry "DEN"]
[SourceDate "2004.01.01"]

1. d4 f5 2. g3 Nf6 3. Bg2 e6 4. Nf3 d5 5. O-O Bd6 6. b3 c6 7. c4 Qe7 8. a4 O-O
9. Ba3 Bxa3 10. Nxa3 Bd7 11. Nc2 Be8 12. Nce1 Nbd7 13. Nd3 Kh8 14. Qc2 Rg8 15.
e3 Bh5 16. cxd5 cxd5 17. Rfc1 Bxf3 18. Bxf3 Rgd8 19. Qc7 Rab8 20. Qa5 a6 21.
Ra2 Ne8 22. Rac2 Qa3 23. Be2 Qd6 24. b4 Ra8 25. b5 Rdb8 26. h4 Kg8 27. Nf4 axb5
28. Qxb5 Kf7 29. Qb3 g6 30. Bb5 Ndf6 31. Nd3 Kg7 32. Ne5 Qe7 33. Kg2 Rd8 34.
Qd3 Rab8 35. Qe2 Ra8 36. Qf3 Rab8 37. Qf4 Ra8 38. Qg5 Kh8 1-0

[Event "10. Copenhagen Open"]
[Site "Copenhagen"]
[Date "1988.??.??"]
[Round "2"]
[White "Plachetka, Jan"]
[Black "Lffler, Stefan"]
[Result "1-0"]
[WhiteElo "2415"]
[BlackElo "2290"]
[PlyCount "65"]
[EventDate "1988.??.??"]
[EventType "swiss"]
[EventRounds "10"]
[EventCountry "DEN"]
[SourceDate "2004.01.01"]

1. Nf3 Nf6 2. c4 c5 3. Nc3 Nc6 4. g3 d5 5. cxd5 Nxd5 6. Bg2 g6 7. Qb3 Nb6 8.
Ne4 Nd4 9. Nxd4 Qxd4 10. d3 Bg7 11. Be3 Qxb2 12. Qxb2 Bxb2 13. Rb1 Na4 14. Nxc5
Bc3+ 15. Kf1 Nxc5 16. Bxc5 Rb8 17. Rc1 b6 18. Bxe7 Kxe7 19. Rxc3 Be6 20. Rc7+
Kf6 21. Rxa7 Rhc8 22. f4 Rc2 23. Kf2 Bxa2 24. Ra1 Be6 25. Rb1 Bg4 26. Bf3 Bxf3
27. Kxf3 b5 28. Rb4 Re8 29. e4 Rd8 30. d4 Rdc8 31. e5+ Ke6 32. Ra6+ Ke7 33.
Rxb5 1-0

[Event "10. Copenhagen Open"]
[Site "Copenhagen"]
[Date "1988.??.??"]
[Round "2"]
[White "Salanki, Endre"]
[Black "Nerlov, Claus"]
[Result "1-0"]
[WhiteElo "2335"]
[BlackElo "2265"]
[PlyCount "65"]
[EventDate "1988.??.??"]
[EventType "swiss"]
[EventRounds "10"]
[EventCountry "DEN"]
[SourceDate "2004.01.01"]

1. c4 Nf6 2. Nc3 g6 3. e4 d6 4. g3 Bg7 5. Bg2 O-O 6. Nge2 e5 7. O-O Nc6 8. d3
Be6 9. h3 Qc8 10. Kh2 Nd7 11. Be3 f5 12. f4 Nf6 13. Nd5 Rf7 14. Qd2 Kh8 15.
Rac1 fxe4 16. dxe4 Qd7 17. b4 exf4 18. gxf4 Nh5 19. b5 Ne7 20. Nd4 Ng8 21. Nxc7
Qxc7 22. Nxe6 Qe7 23. Nxg7 Nxg7 24. Bd4 Nf6 25. Rce1 Rc8 26. e5 dxe5 27. fxe5
Nfh5 28. Rxf7 Qxf7 29. e6 Qc7+ 30. Be5 Qxc4 31. Bxb7 Re8 32. Bc6 Rxe6 33. Qd8+
1-0

[Event "10. Copenhagen Open"]
[Site "Copenhagen"]
[Date "1988.??.??"]
[Round "2"]
[White "Schandorff, Lars"]
[Black "Barbero, Gerardo F"]
[Result "1/2-1/2"]
[WhiteElo "2400"]
[BlackElo "2505"]
[PlyCount "82"]
[EventDate "1988.??.??"]
[EventType "swiss"]
[EventRounds "10"]
[EventCountry "DEN"]
[SourceDate "2004.01.01"]

1. d4 Nf6 2. c4 e6 3. Nf3 b6 4. g3 Ba6 5. b3 d5 6. cxd5 exd5 7. Bg2 Be7 8. O-O
O-O 9. Nc3 c6 10. Qc2 Nbd7 11. Re1 Rc8 12. Bf4 Nh5 13. a3 Nxf4 14. gxf4 Nf6 15.
e3 Bb7 16. b4 Re8 17. Qb3 Bd6 18. Ne5 Bxe5 19. fxe5 Ng4 20. f3 Nh6 21. Qc2 c5
22. bxc5 bxc5 23. Rab1 cxd4 24. exd4 Qh4 25. Qf2 Qxf2+ 26. Kxf2 Rxc3 27. Rxb7
Rxa3 28. Bh3 Rd3 29. e6 fxe6 30. Bxe6+ Kf8 31. Bxd5 Rxe1 32. Kxe1 Rxd4 33. Be4
Nf7 34. Rxa7 Ng5 35. Kf2 Nxe4+ 36. fxe4 Rxe4 37. Kg3 Re7 38. Ra8+ Kf7 39. Ra6
Re6 40. Ra7+ Kf6 41. Rb7 h6 1/2-1/2

[Event "10. Copenhagen Open"]
[Site "Copenhagen"]
[Date "1988.??.??"]
[Round "2"]
[White "Sorensen, Torben N"]
[Black "Sorensen, Henrik"]
[Result "0-1"]
[WhiteElo "2360"]
[BlackElo "2265"]
[PlyCount "86"]
[EventDate "1988.??.??"]
[EventType "swiss"]
[EventRounds "10"]
[EventCountry "DEN"]
[SourceDate "2004.01.01"]

1. d4 Nf6 2. c4 c5 3. Nf3 cxd4 4. Nxd4 e5 5. Nb5 d5 6. cxd5 Bc5 7. d6 Na6 8.
N1c3 O-O 9. e3 Bf5 10. a3 Rc8 11. b4 Bxb4 12. axb4 Nxb4 13. Rxa7 Nc2+ 14. Ke2
Qb6 15. Ra2 Nb4 16. Rd2 Ne4 17. Nxe4 Qxb5+ 18. Ke1 Qa5 19. f3 Bxe4 20. fxe4 Qc5
21. d7 Qxe3+ 22. Be2 Rcd8 23. Rf1 Qxe4 24. Rf3 Nc6 25. Ba3 Nd4 26. Kf1 Rxd7 27.
Bxf8 Kxf8 28. Rfd3 g6 29. Bf3 Qf4 30. Kg1 Kg7 31. Rf2 Qg5 32. Qa4 b5 33. Qd1
Rc7 34. g3 Rc1 35. Bd5 Rxd1+ 36. Rxd1 f5 37. Ra2 b4 38. Ra7+ Kh6 39. Bg8 Qe3+
40. Kh1 Qe2 41. Rxh7+ Kg5 42. Rg1 b3 43. g4 Nf3 0-1

[Event "10. Copenhagen Open"]
[Site "Copenhagen"]
[Date "1988.??.??"]
[Round "2"]
[White "Thorsteins, Karl"]
[Black "Wegner, Hannu"]
[Result "1-0"]
[WhiteElo "2440"]
[BlackElo "2320"]
[PlyCount "73"]
[EventDate "1988.??.??"]
[EventType "swiss"]
[EventRounds "10"]
[EventCountry "DEN"]
[SourceDate "2004.01.01"]

1. d4 Nf6 2. c4 c5 3. d5 b5 4. cxb5 a6 5. bxa6 g6 6. Nc3 Bxa6 7. e4 Bxf1 8.
Kxf1 d6 9. g4 h6 10. Kg2 Bg7 11. f4 Qc8 12. h3 O-O 13. Nf3 e6 14. dxe6 Qxe6 15.
f5 Qc4 16. Re1 Re8 17. fxg6 fxg6 18. e5 dxe5 19. Nxe5 Qe6 20. Nf3 Qf7 21. Rxe8+
Nxe8 22. Qc2 Nc6 23. Qe4 Rc8 24. Be3 Nd6 25. Qd5 Qxd5 26. Nxd5 Rb8 27. Rb1 Ne4
28. b3 Rd8 29. Nf4 Nc3 30. Re1 Nxa2 31. Bxc5 Rb8 32. Re6 Na5 33. Rxg6 Kf7 34.
Ra6 Nxb3 35. Bd6 Rd8 36. Ra7+ Kg8 37. Rxg7+ 1-0

[Event "10. Copenhagen Open"]
[Site "Copenhagen"]
[Date "1988.??.??"]
[Round "3"]
[White "Andreasson, Ingvar"]
[Black "Riemersma, Liafbern"]
[Result "1-0"]
[WhiteElo "2335"]
[BlackElo "2420"]
[PlyCount "105"]
[EventDate "1988.??.??"]
[EventType "swiss"]
[EventRounds "10"]
[EventCountry "DEN"]
[SourceDate "2004.01.01"]

1. Nf3 g6 2. c4 Bg7 3. Nc3 Nf6 4. g3 O-O 5. Bg2 d5 6. cxd5 Nxd5 7. O-O Nc6 8.
Ng5 e6 9. Nge4 f5 10. Nxd5 exd5 11. Nc3 d4 12. Nd5 Be6 13. Nf4 Bf7 14. h4 Qd6
15. d3 a5 16. Qa4 Rfb8 17. Bd2 Ne5 18. Rfc1 Ra7 19. a3 c5 20. Qb5 b6 21. b4
axb4 22. axb4 Rxa1 23. Rxa1 c4 24. dxc4 Nxc4 25. Rd1 Nxd2 26. Rxd2 Rd8 27. Rc2
Bf8 28. Nd3 Qe6 29. Bf3 Be8 30. Bc6 Bxc6 31. Qxc6 Qxc6 32. Rxc6 Rd6 33. Rc8 Kf7
34. Kf1 Be7 35. Ke1 Rd5 36. Kd2 Rb5 37. Rc4 Rd5 38. Kc2 Ke8 39. Rc7 Kd8 40. Ra7
Rd7 41. Ra8+ Kc7 42. Kb3 b5 43. Ne5 Rd5 44. Ra7+ Kd6 45. Nd3 f4 46. Nxf4 Re5
47. Ra2 Re4 48. Kc2 d3+ 49. Kxd3 Rxb4 50. Ra6+ Kc5 51. Ne6+ Kd5 52. e4+ Ke5 53.
Nc5 1-0

[Event "10. Copenhagen Open"]
[Site "Copenhagen"]
[Date "1988.??.??"]
[Round "3"]
[White "Bang, Andreas"]
[Black "Sarosi, Zoltan"]
[Result "1/2-1/2"]
[WhiteElo "2250"]
[BlackElo "2315"]
[PlyCount "66"]
[EventDate "1988.??.??"]
[EventType "swiss"]
[EventRounds "10"]
[EventCountry "DEN"]
[SourceDate "2004.01.01"]

1. Nf3 Nf6 2. c4 e6 3. b3 d5 4. Bb2 Be7 5. e3 O-O 6. Be2 Nbd7 7. O-O b6 8. cxd5
exd5 9. d3 c5 10. Nbd2 Bb7 11. Rc1 Re8 12. Re1 Rc8 13. Bf1 Bd6 14. g3 Bb8 15.
Bh3 Rc7 16. Bg2 Nf8 17. Be5 Rc8 18. Bxb8 Rxb8 19. d4 Ne6 20. Nb1 Ne4 21. Nc3
Qf6 22. b4 cxd4 23. exd4 Rbc8 24. Nxe4 dxe4 25. Rxc8 Rxc8 26. Nd2 Qxd4 27. Bxe4
Bxe4 28. Rxe4 Qd5 29. Re2 Ng5 30. Qf1 h6 31. h4 Ne6 32. Nb3 Qc4 33. Qe1 Rd8
1/2-1/2

[Event "10. Copenhagen Open"]
[Site "Copenhagen"]
[Date "1988.??.??"]
[Round "3"]
[White "Barbero, Gerardo F"]
[Black "Salanki, Endre"]
[Result "1-0"]
[WhiteElo "2505"]
[BlackElo "2335"]
[PlyCount "113"]
[EventDate "1988.??.??"]
[EventType "swiss"]
[EventRounds "10"]
[EventCountry "DEN"]
[SourceDate "2004.01.01"]

1. d4 Nf6 2. c4 e6 3. Nf3 d5 4. Nc3 Be7 5. Bg5 O-O 6. cxd5 exd5 7. e3 h6 8. Bf4
Bf5 9. Bd3 Bxd3 10. Qxd3 c6 11. h3 Bb4 12. O-O Re8 13. a3 Bxc3 14. bxc3 Nbd7
15. Rfb1 b5 16. Nd2 Nb6 17. f3 Nc4 18. Nxc4 dxc4 19. Qd2 Nd5 20. e4 Nb6 21. Kh2
a6 22. g4 Na4 23. Rg1 g5 24. Be3 Re6 25. Kg2 Qa5 26. Rac1 Rd8 27. Qf2 Nxc3 28.
Qd2 c5 29. d5 b4 30. Qf2 Rf6 31. Qb2 Qc7 32. axb4 cxb4 33. Bd4 Rg6 34. Bxc3
bxc3 35. Qxc3 Rb6 36. Qd4 Rb4 37. Rc2 Qf4 38. Rgc1 Rdb8 39. Rxc4 Qxc1 40. Rxb4
Rc8 41. Rb2 a5 42. d6 a4 43. d7 Rd8 44. Qf6 Qc7 45. Rb7 Qa5 46. h4 a3 47. Ra7
Qd2+ 48. Kh3 Qd1 49. Qxd8+ Kg7 50. Qb6 Qxf3+ 51. Kh2 Qf4+ 52. Kg2 Qxg4+ 53. Kf2
Qf4+ 54. Ke2 Qxe4+ 55. Kd2 Qd5+ 56. Kc3 Qf3+ 57. Kb4 1-0

[Event "10. Copenhagen Open"]
[Site "Copenhagen"]
[Date "1988.??.??"]
[Round "3"]
[White "Berg, Klaus"]
[Black "Sinkovics, Peter"]
[Result "1-0"]
[WhiteElo "2370"]
[BlackElo "2310"]
[PlyCount "107"]
[EventDate "1988.??.??"]
[EventType "swiss"]
[EventRounds "10"]
[EventCountry "DEN"]
[SourceDate "2004.01.01"]

1. d4 Nf6 2. Nf3 e6 3. Bg5 d5 4. Nbd2 Be7 5. e3 O-O 6. Bd3 c5 7. c3 Nc6 8. O-O
b6 9. Ne5 Nxe5 10. dxe5 Nd7 11. Bxe7 Qxe7 12. f4 Bb7 13. e4 Rad8 14. exd5 Bxd5
15. Qc2 h6 16. Bc4 Nb8 17. Rad1 Qb7 18. Bxd5 exd5 19. Nf3 Nc6 20. Rf2 d4 21.
Rfd2 dxc3 22. bxc3 Rxd2 23. Rxd2 Rd8 24. Rxd8+ Nxd8 25. Qd3 Ne6 26. f5 Nf8 27.
c4 a6 28. Qd5 Qc8 29. g4 b5 30. Kf2 bxc4 31. Qxc4 Qc6 32. Ke3 Nd7 33. Qe4 Qc7
34. Qa8+ Nb8 35. Qd5 Nd7 36. Qa8+ Nb8 37. Kd3 c4+ 38. Kc3 Qa5+ 39. Kd4 Qb6+ 40.
Kxc4 Qb5+ 41. Kd4 Kh7 42. Qd5 Nc6+ 43. Ke4 Qe2+ 44. Kf4 Nb4 45. Qd4 Nxa2 46. g5
Nc1 47. g6+ fxg6 48. fxg6+ Kxg6 49. Qg1+ Kh7 50. Qxc1 g5+ 51. Kg3 Qd3 52. Qc7+
Kg6 53. e6 Qf5 54. Ne5+ 1-0

[Event "10. Copenhagen Open"]
[Site "Copenhagen"]
[Date "1988.??.??"]
[Round "3"]
[White "Hansen, Soren Bech"]
[Black "Iskov, Gert"]
[Result "1-0"]
[WhiteElo "2255"]
[BlackElo "2345"]
[PlyCount "57"]
[EventDate "1988.??.??"]
[EventType "swiss"]
[EventRounds "10"]
[EventCountry "DEN"]
[SourceDate "2004.01.01"]

1. e4 d5 2. exd5 Nf6 3. d4 Nxd5 4. Nf3 g6 5. Be2 Bg7 6. O-O O-O 7. c4 Nb6 8. h3
c6 9. Nc3 Be6 10. b3 c5 11. Be3 Nc6 12. dxc5 Nxc4 13. Bxc4 Bxc4 14. bxc4 Bxc3
15. Rb1 Rb8 16. Qc2 Bg7 17. Rfd1 Qc7 18. Rd5 Rfd8 19. Qd2 e6 20. Rd6 Ne5 21.
Rxb7 Rxd6 22. Rxb8+ Qxb8 23. Qxd6 Qb1+ 24. Kh2 Nxf3+ 25. gxf3 Bf8 26. Qd7 Qb8+
27. Kg2 a6 28. c6 Bd6 29. Ba7 1-0

[Event "10. Copenhagen Open"]
[Site "Copenhagen"]
[Date "1988.??.??"]
[Round "3"]
[White "Jakobsen, Ole"]
[Black "Thorsteins, Karl"]
[Result "1/2-1/2"]
[WhiteElo "2385"]
[BlackElo "2440"]
[PlyCount "48"]
[EventDate "1988.??.??"]
[EventType "swiss"]
[EventRounds "10"]
[EventCountry "DEN"]
[SourceDate "2004.01.01"]

1. c4 e6 2. Nf3 Nf6 3. g3 d5 4. Bg2 dxc4 5. Qa4+ Nbd7 6. Qxc4 c5 7. O-O b6 8.
d4 Bb7 9. Nc3 a6 10. dxc5 b5 11. Qh4 Bxc5 12. Bg5 h6 13. Rad1 Qa5 14. Nd4 Bxg2
15. Kxg2 Qb6 16. Kg1 O-O 17. Be3 Qb7 18. Qh3 Rac8 19. Qg2 Qxg2+ 20. Kxg2 Nb6
21. Nc2 Bxe3 22. Nxe3 b4 23. Rd6 bxc3 24. Rxb6 cxb2 1/2-1/2

[Event "10. Copenhagen Open"]
[Site "Copenhagen"]
[Date "1988.??.??"]
[Round "3"]
[White "Kaspersen, Morten"]
[Black "Clausen, Steen"]
[Result "0-1"]
[WhiteElo "2250"]
[BlackElo "2270"]
[PlyCount "92"]
[EventDate "1988.??.??"]
[EventType "swiss"]
[EventRounds "10"]
[EventCountry "DEN"]
[SourceDate "2004.01.01"]

1. d4 Nf6 2. c4 e6 3. Nf3 c5 4. e3 b6 5. d5 d6 6. Nc3 e5 7. e4 g6 8. Be2 Bg7 9.
O-O O-O 10. Ne1 Ne8 11. Nd3 f5 12. f4 Nd7 13. Kh1 a6 14. a4 Ra7 15. exf5 gxf5
16. g4 e4 17. Nf2 Qh4 18. gxf5 Ndf6 19. Ncxe4 Nxe4 20. Nxe4 Bxf5 21. Ng5 Bd4
22. Ne6 Bxe6 23. dxe6 Nf6 24. Bf3 Qh3 25. Bd5 Kh8 26. Ra3 Qf5 27. Be3 Bxb2 28.
Rb3 Nxd5 29. cxd5 Bf6 30. Rxb6 Rg7 31. Qf3 Rfg8 32. Rbb1 c4 33. Rbc1 c3 34. Bf2
c2 35. Rfe1 Rc8 36. e7 Rxe7 37. Rxe7 Bxe7 38. Bd4+ Bf6 39. Bxf6+ Qxf6 40. Qe4
Qb2 41. Qe3 Qc3 42. Qxc3+ Rxc3 43. Kg2 Kg7 44. Kf2 Kf6 45. Ke2 Rh3 46. Rh1
Rxh2+ 0-1

[Event "10. Copenhagen Open"]
[Site "Copenhagen"]
[Date "1988.??.??"]
[Round "3"]
[White "Kupreichik, Victor"]
[Black "Jadoul, Michel"]
[Result "1-0"]
[WhiteElo "2510"]
[BlackElo "2400"]
[PlyCount "111"]
[EventDate "1988.??.??"]
[EventType "swiss"]
[EventRounds "10"]
[EventCountry "DEN"]
[SourceDate "2004.01.01"]

1. e4 Nc6 2. Nf3 e5 3. Bb5 Nf6 4. d3 d6 5. c3 g6 6. O-O Bg7 7. Nbd2 O-O 8. Re1
Bd7 9. Ba4 Re8 10. Nf1 h6 11. h3 Qb8 12. Ng3 b5 13. Bc2 Qb7 14. Be3 Kh7 15. d4
Rad8 16. Qd2 Bc8 17. d5 Ne7 18. a4 a6 19. axb5 axb5 20. b3 c5 21. b4 c4 22. Ra7
Qb8 23. Rea1 Bd7 24. R1a6 Nc8 25. Ra8 Qb7 26. Qd1 Rf8 27. Qa1 Ne8 28. Qa5 Bf6
29. Bb6 Nxb6 30. R8a7 Qxa7 31. Rxa7 Rb8 32. Nd2 Bd8 33. Qa6 Nc7 34. Qa5 Ne8 35.
Qa1 Nc7 36. Nb1 Kg7 37. Nd2 Re8 38. Bd1 h5 39. Nf3 Nc8 40. Ra2 Nb6 41. h4 Bg4
42. Ng5 Bxd1 43. Qxd1 f6 44. Ne6+ Nxe6 45. dxe6 Rxe6 46. Ra7+ Re7 47. Qxd6 Rxa7
48. Qxb8 Rd7 49. Nf1 Kf7 50. Ne3 Ke6 51. g3 g5 52. g4 hxg4 53. hxg5 fxg5 54.
Nxg4 Rd6 55. Kg2 Be7 56. Qe8 1-0

[Event "10. Copenhagen Open"]
[Site "Copenhagen"]
[Date "1988.??.??"]
[Round "3"]
[White "Lffler, Stefan"]
[Black "Haugli, Petter"]
[Result "1/2-1/2"]
[WhiteElo "2290"]
[BlackElo "2350"]
[PlyCount "36"]
[EventDate "1988.??.??"]
[EventType "swiss"]
[EventRounds "10"]
[EventCountry "DEN"]
[SourceDate "2004.01.01"]

1. d4 d5 2. c4 e6 3. Nf3 Nf6 4. Nc3 c6 5. Bg5 dxc4 6. e4 b5 7. a4 Bb4 8. e5 h6
9. Bh4 g5 10. Nxg5 hxg5 11. Bxg5 Qa5 12. Bxf6 Bxc3+ 13. bxc3 Qxc3+ 14. Ke2 Qb2+
15. Qd2 Qxa1 16. Qb4 Qa2+ 17. Ke1 Qa1+ 18. Ke2 Qa2+ 1/2-1/2

[Event "10. Copenhagen Open"]
[Site "Copenhagen"]
[Date "1988.??.??"]
[Round "3"]
[White "Nerlov, Claus"]
[Black "Jacobsen, Bo"]
[Result "1/2-1/2"]
[WhiteElo "2265"]
[BlackElo "2280"]
[PlyCount "120"]
[EventDate "1988.??.??"]
[EventType "swiss"]
[EventRounds "10"]
[EventCountry "DEN"]
[SourceDate "2004.01.01"]

1. e4 e5 2. Nf3 Nc6 3. Bb5 Nf6 4. O-O d6 5. d4 Bd7 6. Re1 Be7 7. c3 O-O 8. Ba4
Re8 9. Nbd2 Bf8 10. Bc2 g6 11. d5 Nb8 12. h3 Nh5 13. Nf1 Nf4 14. Ng3 Qf6 15.
Nh2 h5 16. Qf3 Bh6 17. Kh1 Kg7 18. Ne2 Rh8 19. Nxf4 Bxf4 20. Bxf4 exf4 21. Qd3
Bg4 22. Qd4 Nd7 23. Qxf6+ Nxf6 24. e5 dxe5 25. Rxe5 Bd7 26. Rae1 Rhe8 27. Nf3
Rxe5 28. Rxe5 Kf8 29. Kg1 Rd8 30. Bb3 Bf5 31. Nd4 Be4 32. Nb5 f3 33. gxf3 Bxf3
34. Nxc7 Rd7 35. Nb5 Bxd5 36. Bxd5 Nxd5 37. Nxa7 Nf4 38. Kh2 h4 39. Re4 g5 40.
Rd4 Re7 41. Rd2 Re5 42. a4 Ra5 43. Nb5 Rxa4 44. Nd6 b6 45. Nc8 b5 46. Nd6 b4
47. Rd4 Ra2 48. Rxb4 Nd3 49. Rd4 Ne5 50. Rb4 Kg7 51. Rb5 f6 52. c4 Kf8 53. Rb7
Nd3 54. Rf7+ Kg8 55. Rxf6 Rxb2 56. Rg6+ Kf8 57. Rxg5 Rxf2+ 58. Rg2 Rf3 59. Rg4
Ke7 60. Ne4 Ne5 1/2-1/2

[Event "10. Copenhagen Open"]
[Site "Copenhagen"]
[Date "1988.??.??"]
[Round "3"]
[White "Nilsson, Nils Specht"]
[Black "Callergard, Robert"]
[Result "1/2-1/2"]
[WhiteElo "2230"]
[BlackElo "2340"]
[PlyCount "51"]
[EventDate "1988.??.??"]
[EventType "swiss"]
[EventRounds "10"]
[EventCountry "DEN"]
[SourceDate "2004.01.01"]

1. e4 c5 2. Nf3 e6 3. d4 cxd4 4. Nxd4 Nf6 5. Nc3 d6 6. Be2 Be7 7. O-O O-O 8.
Be3 a6 9. f4 Qc7 10. Qe1 b5 11. a3 Bb7 12. Bf3 Nbd7 13. Nb3 Rac8 14. Qf2 Rfe8
15. g4 d5 16. e5 Ne4 17. Nxe4 dxe4 18. Bd1 f6 19. exf6 Nxf6 20. c3 Nd5 21. Nd4
Bc5 22. Bb3 Nxe3 23. Qxe3 Bxd4 24. cxd4 Bd5 25. Rac1 Qd7 26. Bc2 1/2-1/2

[Event "10. Copenhagen Open"]
[Site "Copenhagen"]
[Date "1988.??.??"]
[Round "3"]
[White "Plachetka, Jan"]
[Black "Conquest, Stuart"]
[Result "0-1"]
[WhiteElo "2415"]
[BlackElo "2315"]
[PlyCount "58"]
[EventDate "1988.??.??"]
[EventType "swiss"]
[EventRounds "10"]
[EventCountry "DEN"]
[SourceDate "2004.01.01"]

1. e4 c5 2. g3 d5 3. exd5 Qxd5 4. Nf3 Bg4 5. Bg2 Qe6+ 6. Kf1 Nc6 7. h3 Bh5 8.
d3 Qd7 9. Nbd2 O-O-O 10. g4 Bg6 11. Nh4 Nf6 12. Nxg6 hxg6 13. Nc4 Nd5 14. a4 e6
15. a5 Be7 16. c3 Bh4 17. f4 Qc7 18. Qf3 Rd7 19. a6 b6 20. Na3 e5 21. Nb5 Qb8
22. b4 exf4 23. bxc5 bxc5 24. c4 Qe5 25. Qd1 Qxa1 26. Bxd5 Re8 27. Kg2 Rxd5 28.
cxd5 Qa2+ 29. Bd2 Qxd5+ 0-1